000 00623nam a2200229Ia 4500
003 OSt
005 20221007081456.0
006 a|||||r|||| 00| 0
007 ta
008 221006b |||||||| |||| 00| 0 eng d
024 _a17,074
037 _cTextual
040 _aFLL
_cFLL
_beng
041 _2eng
_aeng
082 _aX9W:Z6, L7
100 _aGhai Yash
245 0 _aLaw in the political economy of public enterprise
260 _aNew York
_bScandinavian Institute of African Studies USA
_c1977
300 _a351p
_ccm.
942 _hX9W:Z6, L7
_cTEXL
_2CC
999 _c1163167
_d1163167